006140000a220008500045001000023000002450030000233000053000535200377001067730045004831 aAckermann, Charbel10aGrietas y desplazamientos aVol.0, núm.25 (Octubre, 2007), Páginas 24-25 aLa obra de Doris Salcedo que se exhibe en la Sala de Turbinas de la Tate Gallery en Londres, ha puesto el dedo en la llaga sobre el racismo y la relación entre el primer y el tercer mundo. Además, en Gales, una exposición de artistas colombianos se pregunta por el desplazamiento: una de las obras, sin embargo, fue censurada por la Embajada de Colombia en Londres.0 tArcadia / Andrés Felipe Solano, Editor